Companies' Founding Years Quiz Stats

 Plays Quiz Updated Feb 28, 2018

Also try: Corporate Logos
Challenge
Share
Tweet
Score 0/18 Timer 03:00
2 Plays Today
% Correct
Twitter
86.5%
Apple
84.4%
Google
84.4%
McDonald's
81.8%
Tesla
75.9%
East India Company
75%
Starbucks
72.2%
Ford Motor Company
71.8%
Lloyd's of London
50.5%
% Correct
Cisco
44.4%
IBM
42.3%
Standard Oil Company
37.7%
Westinghouse Electric Company
28.3%
Fujifilm
26.9%
Gucci
23.4%
Remington
22.7%
State Street Bank
22%
Pabst
18.6%

You're not logged in!

Compare scores with friends on all Sporcle quizzes.
Join for Free
OR
Log In

You Might Also Like...

Show Comments

Extras

Top Quizzes Today


Score Distribution

Your Account Isn't Verified!

In order to create a playlist on Sporcle, you need to verify the email address you used during registration. Go to your Sporcle Settings to finish the process.

Report this User

Report this user for behavior that violates our Community Guidelines.

Details: